Export-Import Answer Book - 2010 (Record no. 86213)

MARC details
000 -LEADER
fixed length control field 00552nam a2200205Ia 4500
008 - FIXED-LENGTH DATA ELEMENTS--GENERAL INFORMATION
fixed length control field 230125s9999 xx 000 0 und d
020 ## - INTERNATIONAL STANDARD BOOK NUMBER
International Standard Book Number 818794213-4
041 ## - LANGUAGE CODE
Language code of text/sound track or separate title eng
082 ## - DEWEY DECIMAL CLASSIFICATION NUMBER
Classification number 658.1599
Item number SRI
100 ## - MAIN ENTRY--PERSONAL NAME
Personal name Srivastava A
9 (RLIN) 109521
245 ## - TITLE STATEMENT
Title Export-Import Answer Book - 2010
250 ## - EDITION STATEMENT
Edition statement 1st ed
260 ## - PUBLICATION, DISTRIBUTION, ETC. (IMPRINT)
Date of publication, distribution, etc. 2010
Name of publisher, distributor, etc. Business Datainfo Publishing Co.
Place of publication, distribution, etc. Delhi
300 ## - PHYSICAL DESCRIPTION
Extent 808p
500 ## - GENERAL NOTE
Keywords International FM;Export Import
650 ## - SUBJECT ADDED ENTRY--TOPICAL TERM
Topical term or geographic name as entry element Financial Management
700 ## - ADDED ENTRY--PERSONAL NAME
Personal name Srivastava A
9 (RLIN) 109521
906 ## - LOCAL DATA ELEMENT F, LDF (RLIN)
b 74
Holdings
Withdrawn status Lost status Damaged status Not for loan Home library Current library Date acquired Vendor Cost, normal purchase price Bill number Full call number Barcode Date last seen Cost, replacement price Bill Date Koha item type Original Barcode
Withdrawn 2022-23       Smt. Hiraben Nanavati Institute of Management & Research for Women Smt. Hiraben Nanavati Institute of Management & Research for Women 01/04/2010 Enbee Law Books Agency 495.00 36133 658.1599 SRI B08483 HIMR-BK-8483 25/01/2023 421.00 01/04/2010 Books B08483